000 00529nam a22002057a 4500
005 20260604124459.0
008 260604b |||||||| |||| 00| 0 eng d
020 _a9789371050951
_c1098.00
040 _aMAIN
041 _aEnglish
082 _a338
_bDES
100 _aDesai, S.S.M.
_927016
245 _aIndustrial Economics
_b6th
260 _aMumbai
_bHimalaya
_c2026
300 _a623
650 _aEconomics (PM USHA)
_926774
700 _aBhalerao, Nirmal
_927017
700 _aPhougat, Sunil
_925288
942 _cBK
999 _c61004
_d61004